000 00866nac a22002537a 4500
001 BR8706795
003 BR-BrBNA
005 20240105120615.0
008 230509b bl.|||m| |||| 00| 0 por d
040 _aBR-BrBNA
_bpor
_cBiblioteca Nacional de Agricultura
072 _aN10; E50; C20
090 _aN10 BR8706795
100 1 _aSalles, M.S.M. (ed.)
110 1 _aFundacao Movimento Brasileiro de Alfabetizacao, Rio de Janeiro, RJ (Brasil). Gerencia de Tecnologia de Escassez
_94989
245 1 _aVivendo e aprendendo [extensao rural, instalacao agricola]
260 3 _aRio de Janeiro, RJ (Brasil):
_c1979.
300 _a20 p.
490 _aCada Cabeca e um Mundo (Brazil)
_vno. 2
_x
650 _aINSTALACAO AGRICOLA
650 _aCOMUNIDADE RURAL
650 _aEXTENSAO RURAL
909 _a202312
_bLúcia Elande
_c55
_dLúcia Elande
942 _2AGRIS
_n0
_cMS
999 _c280428
_d280428